| 000 | 00336nam a2200121Ia 4500 | ||
|---|---|---|---|
| 008 | 220204s9999 xx 000 0 und d | ||
| 082 |
_aNR:343.815 _bPEE |
||
| 100 | _aJACOB, CK | ||
| 245 | 0 | _aTen years of training activities 2000-2010 | |
| 260 |
_aKottayam _bRubber Training Institute _c2011 |
||
| 700 | _aPEETHAMBARAN, NR | ||
| 942 | _cBK | ||
| 999 |
_c44464 _d44464 |
||